Carregant...

Deepanaalathinu chuttum kure shalabhangal /

Dades bibliogràfiques
Autor principal: Narendranath, Konniyur
Format: Printed Book
Idioma:Malayalam
Publicat: Poorna Publications , 1969.
LEADER 00444nam a2200133Ia 4500
008 150624b xxu||||| |||| 00| | mal d
100 |a Narendranath, Konniyur 
245 |c Konniyur Narendranath  |a Deepanaalathinu chuttum kure shalabhangal / 
260 |b Poorna Publications ,  |c 1969. 
300 |a 214 p. 
546 |a In Malayalam. 
942 |c BK 
999 |c 75539  |d 75539 
952 |0 1  |1 0  |4 0  |7 0  |9 75483  |a UL  |b UL  |c ST1  |d 1998-09-15  |l 0  |p 25169  |r 2012-10-27  |w 2012-10-27  |y BK